000 00957cam a22003017a 4500
003 CHAP
005 20220329135311.0
008 971013s1972 r 00010 d
010 _a34039
011 _a35011
035 _a39127
040 _cCHAP
090 _aFolleto 1986
100 0 0 _aMendieta y Núñez, Lucio.
_974577
245 1 4 _aLas desviacioens de la reforma agraria
260 _a(México, D.F.) :
_bAsociación Nacional de Abogados, Academia de Derecho Agrario,
_c1972
300 _a45 p
490 0 _aMonografías agrarias
_v; 8
590 _aBATCH-UPD
_b10
_c20130110
_lUCH01
_h0920
590 _aBATCH-UPD
_b10
_c20130410
_lUCH01
_h0542
590 _aBATCH-UPD
_b10
_c20130914
_lUCH01
_h1812
590 _aCONVERSION
_b10
_c20130109
_lUCH01
_h1319
650 1 4 _aReforma agraria
_zMéxico.
_995596
830 0 _aMonografías agrarias
_v; 8
_977567
901 _aBK
942 _cFOLL
949 _aFolleto 1986
_bBC
_cFOLL
_d-89373
_eTS1
_i39127
_si
999 _c34039
_d34039